| 000 | 00638nam a22002417i 4500 | ||
|---|---|---|---|
| 003 | URS | ||
| 005 | 20220117120707.0 | ||
| 008 | 180525b xxu||||| |||| 00| 0 eng d | ||
| 040 |
_erda _cURS _beng |
||
| 050 |
_aHA29 _b.N165 2009 |
||
| 245 |
_aLaboratory manual in statistics 1 / _cNalangan, Li-ann Lee.-- |
||
| 264 | 1 |
_aManila _bREX Book Store _c2009. |
|
| 300 |
_a102 pages ; _c25 cm |
||
| 336 |
_atext _btxt _2rdacontent |
||
| 337 |
_aunmediated _bn _2rdamedia |
||
| 338 |
_avolume _bnc _2rdacarrier |
||
| 521 | _aCollege Students | ||
| 526 | _c1210L-1700L | ||
| 562 | _e2 | ||
| 942 |
_2lcc _cFR |
||
| 999 |
_c5236 _d5236 |
||